000 00334nam a22001577a 4500
003 SGT
020 _a978-0-7506-8869-7
082 _a617.7, C14E
100 _aEFRON, NATHAN
245 _aCONTACT LENS PRACTICE
250 _a2ND
260 _aLONDON
_bELSEVIER
_c2014
300 _a474
650 _aOPHTHALMOLOGY
942 _2ddc
_cBK
999 _c8470
_d8470